000
00287nam a22001097a 4500
008
160425b xxu||||| |||| 00| 0 eng d
020
_a
0534578152
041
_a
eng
080
_a
612.39
245
1
0
_a
Nutrition concepts and contriversies:
_c
Frances Sizer; Eleanor Whitney;
942
_2
udc
_c
BK
999
_c
1560
_d
1560